000 00712cam a22002293a 4500
001 38000
003 PGUSA
005 20140828083832.0
008 111112s2011||||xxu|||||s|||||000 | eng d
040 _aPGUSA
_beng
042 _adc
050 4 _aGV
100 1 _aElwell, J. B.
_q(Joseph Bowne),
_d1874-1920
245 1 0 _aBridge; its Principles and Rules of Play :
_bwith Illustrative Hands and the Club Code of Bridge Laws
_h[electronic resource] /
_cJ. B. Elwell
260 _bProject Gutenberg,
_c2011
506 _aPublic domain in the USA.
516 _aElectronic text
653 _aBridge whist
830 0 _aProject Gutenberg
_v38000
856 4 0 _uhttp://www.gutenberg.org/ebooks/38000
942 _cEB
999 _c267254
_d267254